000 00456nam a2200169Ia 4500
003 GCL
008 140319s9999 xx 000 0 ara d
040 _aGCL /
_cGCL
082 0 4 _a276
_bا ك
100 1 _aاميل زكى
245 1 0 _aكنيستى /
_cاميل زكى
260 _a[S.N] :
_bدار الثقافة العربية ،
_c1986
300 _a63 ص
490 _aسلسلة كتب الشباب
_v0
650 0 4 _aكنائس
942 _2ddc
_cBK
999 _c58400
_d58400